000 00698nam a2200217Ia 4500
005 20250508164954.0
008 008 250505s9999 xx 000 0 eng d
020 _a978-0-140-29706-5
037 _aReference
040 _aFEDL
_beng
_cFEDL
041 _aeng
_2eng
084 _a370, SCE/RR
_qFEDL
245 0 _aStatus of education and major achievements in Delhi : A quick report (updated) 2008
245 0 _cState Council of Educational Research and Training
260 _aNew Delhi, India
_bSCERT
_c2008
300 _axviii,387p.
365 _aGifted
546 _aYUVA joyful interesting meaningful learning
942 _cREF
_h370, SCE/RR
999 _c1392413
_d1392413